| 000 | 01479nam a2200313 a 4500 | ||
|---|---|---|---|
| 003 | BLK | ||
| 005 | 20250119004058.0 | ||
| 008 | 230512b bu |||||||||| 00| | bu d | ||
| 020 | _a9786197688177 | ||
| 040 | _aBLK | ||
| 041 |
_aBUL _cBUL |
||
| 080 |
_aРазузнавателна служба. Тайна служба. Шпионаж. Разузнавателна информация. Вж и 327.84 ; 344.1 _b355.40 _x(091) _z355.40(091) |
||
| 080 |
_aИстория на България _b94(497.2) _x"1939/1945" _z94(497.2)"1939/1945" |
||
| 100 |
_9244979 _aКотев, Николай Георгиев _eпърви автор |
||
| 139 |
_aКотев, Николай Георгиев _bК 87 |
||
| 245 |
_aСкритата война _bчуждестранните разузнавания в България (1939-1945) _cНиколай Котев |
||
| 260 |
_9220482 _aСофия _bБи 93 _c2023 _f([Костинброд] : Мултипринт ООД) _n954-90275- |
||
| 300 |
_a375 с. _c23 см |
||
| 380 | _a3 | ||
| 500 | _aЗа авт.: с. 374 Библиогр.: с. 365-373 | ||
| 650 | 0 |
_9305283 _aРазузнаване, военно - България - история |
|
| 650 | 7 |
_aИстория - България _2 _9157745 |
|
| 653 | 7 |
_9183567 _aвоенно разузнаване |
|
| 852 |
_aЦб 317973 _bЦб |
||
| 856 |
_i0.00 _ldisable |
||
| 942 |
_cKNG _n0 _s1 |
||
| 944 |
_aCR _c2023-05-12 _k _lCRON CRON |
||
| 999 |
_c491510 _d491510 |
||
| 999 | _d491510 | ||